• 首页
  • 本馆介绍
  • 公告通知
  • 最新文献
  • 馆藏检索
  • 电子资源
  • 读者导购
  • 参考咨询
  • 我的图书馆
  • 登录
  • 详细信息显示
  • 放入我的书架
  • 预约/预借图书
  • 作者相关作品
  • 分类相关作品
  • 丛书相关作品
  • 出版社相关作品

书目信息

  • 表格格式
  • 工作单格式
  • 卡片格式
题名:
创业兵法
    
 
作者: 龙鑫铭 编著
分册:  
出版信息: 北京   地震出版社  2006
页数: 244页
开本: 24cm
丛书名:
单 册:
中图分类: F207 , F270-49
科图分类:
主题词: 企业管理--基本知识 , 企业管理 , 企业经济
电子资源:
ISBN: 7-5028-2984-9
000 00936nam0 2200289 450
000 00887nam0 2200265 450
000 00820nam0 2200241 450
000 00784nam0 2200229 45
005 20070904110900.73
010    @a7-5028-2984-9@dCNY28.00
100    @a20070302d2006 em y0chiy0120 ea
101 0  @achi
102    @aCN@b110000
105    @ay z 000yy
200 1  @a创业兵法@Achuang ye bing fa@e成功创业者的八堂兵法课@f龙鑫铭编著
210    @a北京@c地震出版社@d2006
215    @a244页@d24cm
330    @a本书围绕创业从八个方面展开论述,包括始计篇、军征篇、斗志篇、谋攻篇、战友篇、作战篇、情报篇和胜利篇
517 1  @a成功创业者的八堂兵法课@9cheng gong chuang ye zhe de ba tang bing fa ke
606 0  @a企业管理@x基本知识
606 0  @a企业管理
606 0  @a企业经济
690    @aF207@v4
690    @aF270-49@v3
701  0 @a龙鑫铭@Along xin ming@4编著
801  0 @aCN@bTAOJIN@c20070904
905    @a10447@dF270-49@e479
    
    创业兵法:成功创业者的八堂兵法课/龙鑫铭编著.-北京:地震出版社,2006
    244页;24cm
    
    
    ISBN 7-5028-2984-9:CNY28.00
    本书围绕创业从八个方面展开论述,包括始计篇、军征篇、斗志篇、谋攻篇、战友篇、作战篇、情报篇和胜利篇
●
相关链接 在E读中查询图书 在五车中查询图书 在当当中查询图书 在豆瓣中查询图书


正题名:创业兵法     索取号:F270-49/479         预约/预借

序号 登录号 条形码 馆藏地/架位号 状态 备注
1 0521565   205215658   第一样本阅览室/ [索取号:F270-49/479] 在馆    
2 0521566   205215667   第一借阅区/ [索取号:F270-49/479] 在馆    
3 0521567   205215676   第一借阅区/ [索取号:F270-49/479] 在馆    
4 0521568   205215685   第一借阅区/ [索取号:F270-49/479] 在馆    
5 0521569   205215694   第一借阅区/ [索取号:F270-49/479] 在馆    
6 0521570   205215701   第一借阅区/ [索取号:F270-49/479] 在馆    
唐山师范学院图书馆 欢迎您!
大连网信软件有限公司© 版权所有